| 000 | 00580pam a2200217 a 4500 | ||
|---|---|---|---|
| 020 | _c | ||
| 040 | _aDental College Lib | ||
| 041 |
_aeng _heng |
||
| 082 |
_a617.632 _bNIE |
||
| 100 | _aNield- Gehrig, Jill S.. | ||
| 245 |
_aFundamental of dental Hygine Instrumentation / _c. _hTextual Documents |
||
| 250 |
_a1 / _b. |
||
| 260 |
_aPhiladelphia : _blea & Febiger , _c1988. |
||
| 300 |
_a257 ; _c24X17. |
||
| 365 | _a495.90 | ||
| 653 | _aPeriodontology | ||
| 700 | _aHouseman, Ginger A. | ||
| 930 | _a1284 | ||
| 999 |
_c40687 _d40687 |
||